| 000 | 00936nas a2200313 4500 | ||
|---|---|---|---|
| 001 | BR0200573 | ||
| 003 | BR-BrBNA | ||
| 005 | 20231205102706.0 | ||
| 007 | ta | ||
| 008 | 230509b bl.|||p| |||| 00| 00por d | ||
| 040 |
_aBR-BrBNA _bpor _cBiblioteca Nacional de Agricultura |
||
| 041 | _a(En) | ||
| 072 | _aH20 | ||
| 100 | 1 | _aNunes, M.J.C. | |
| 100 | 1 | _aMachado, M.A. | |
| 100 | 1 | _aMüller, G.W. | |
| 100 | 1 | _aMachado, D.R.S. | |
| 100 | 1 | _aSouza, A.A. de | |
| 100 | 1 | _aNunes, W.M. de C. | |
| 245 | 1 | _aEvaluation of Citrus tristeza virus (CTV)complexes in pre-immunized marsh seedles grapefruits | |
| 650 | _aPOMELO | ||
| 650 | _aTRISTEZA CÍTRICA | ||
| 650 | _aIMUNIZAÇÃO | ||
| 650 | _aANTICORPO MONOCLONAL | ||
| 650 | _aDIAGNÓSTICO | ||
| 773 | 0 |
_tSumma Phytopathologica (Brazil) _xISSN 0100-5405 _g(Jan-Mar 2001), v. 27(1) p. 11-16 _wBR0200573 |
|
| 909 |
_a202311 _bLúcia _c55 _dLúcia Elande |
||
| 942 |
_2AGRIS _n0 _cANA |
||
| 999 |
_c168850 _d168850 |
||